Invisible wound (Record no. 493462)

000 -LEADER
fixed length control field 00351cam a22001457a 4500
008 - FIXED-LENGTH DATA ELEMENTS--GENERAL INFORMATION
fixed length control field 180718b2005 xxu||||| |||| 00| 0 eng d
020 ## - INTERNATIONAL STANDARD BOOK NUMBER
International Standard Book Number 8190241613
082 ## - DEWEY DECIMAL CLASSIFICATION NUMBER
Classification number F5 B22
100 ## - MAIN ENTRY--PERSONAL NAME
Personal name Bansal, S.C.
245 ## - TITLE STATEMENT
Title Invisible wound
Statement of responsibility, etc. by S.C. Bansal
250 ## - EDITION STATEMENT
Edition statement 2nd ed.
260 ## - PUBLICATION, DISTRIBUTION, ETC.
Place of publication, distribution, etc. New Delhi
Name of publisher, distributor, etc. The Author
Date of publication, distribution, etc. 2005
300 ## - PHYSICAL DESCRIPTION
Extent 330p.
650 ## - SUBJECT ADDED ENTRY--TOPICAL TERM
Topical term or geographic name entry element Politics
Holdings
Withdrawn status Lost status Damaged status Not for loan Permanent Location Current Location Date acquired Full call number Barcode Date last seen Price effective from Koha item type Source of classification or shelving scheme
        Indian Institute of Public Administration Indian Institute of Public Administration 2018-08-04 F5 B22 GR17810 2018-08-04 2018-08-04 GR  
        Indian Institute of Public Administration Indian Institute of Public Administration 2021-02-04 TNC F5 B22 GR22617 2021-02-04 2021-02-04 GR  

Powered by Koha